00499nam a2200145 a 4500008004100000020001800041050001500059100002700074245014800101260003100249300002200280350001000302650002600312650001500338170503s2015 ||||||||||||||||| || u a9780123971579 aQH 499 Ste aVishwakarma, Ajaykumar10aStem cell biology and tissue engineering in dental sciencescEdited By Ajaykumar Vishwakarma, Paul Sharpe, Songtao Shi {and} Murugan Ramalingam aAmsterdam:bElsevierc2015 axxxi, 900p.: ill. a42.00 aREGENERATIVE MEDICINE aSTEM CELLS